Statistics for Islands Divided Between Countries

Click here to take the quiz!

General Stats

  • This quiz has been taken 47 times
  • The average score is 7 of 15

Answer Stats

Countries with TerritoryIsland% Correct
Cyprus & the UKCyprus
100%
Indonesia, Malaysia & BruneiBorneo
91%
Ireland & the UKIreland
91%
Papua New Guinea & IndonesiaNew Guinea
91%
Dominican Republic & HaitiHispaniola
89%
Indonesia & East TimorTimor
82%
France & the NetherlandsSaint Martin
67%
Argentina & ChileIsla Grande de Tierra del Fuego
44%
Ukraine & RomaniaK Island
22%
Saudi Arabia & BahrainPassport Island
20%
Germany & PolandUsedom Uznam
18%
Finland & SwedenMärket
11%
Sweden & FinlandKataja
4%
Indonesia & MalaysiaSebatik Island
4%
Russia & FinlandKoiluoto
0%

Score Distribution

Percentile by Number Answered

Percent of People with Each Score

Your Score History

You have not taken this quiz